Loading...
| Science - Physics | 1 | 2 | 1 | 1 | 30 | 59 | 94.67 | 0 | 1 |
| Other - Geo/CE | 1 | 1 | 0 | 0 | 25 | 70 | 85.00 | 1 | 1 |
| Science - Other Science | 1 | 1 | 1 | 0 | 20 | 48 | 76.00 | 0 | 2 |
| Science - Biology | 0 | 2 | 0 | 2 | 20 | 128 | 132.50 | 0 | 0 |
| Arts - Music | 1 | 0 | 0 | 0 | 15 | 52 | 52.00 | 1 | 1 |
| Arts - Painting | 1 | 0 | 0 | 0 | 15 | 43 | 43.00 | 1 | 1 |
| Arts - Painting | 1 | 0 | 0 | 0 | 15 | 69 | 69.00 | 1 | 1 |
| Science - Engineering | 1 | 0 | 0 | 0 | 15 | 66 | 66.00 | 0 | 1 |
| Thought - Social Science | 1 | 0 | 0 | 0 | 15 | 65 | 65.00 | 1 | 1 |
| History - World History | 0 | 1 | 0 | 0 | 10 | 117 | 117.00 | 0 | 0 |
| Arts - Music | 0 | 1 | 0 | 0 | 10 | 96 | 96.00 | 0 | 1 |
| Other - Geo/CE | 0 | 1 | 0 | 1 | 10 | 78 | 78.00 | 0 | 0 |
| Other - Other Academic | 0 | 1 | 0 | 1 | 10 | 128 | 128.00 | 0 | 0 |
| Thought - Philosophy | 0 | 1 | 0 | 1 | 10 | 111 | 111.00 | 0 | 0 |
| Other - Other Academic | 0 | 1 | 0 | 1 | 10 | 122 | 122.00 | 0 | 0 |
| Other - Pop Culture | 0 | 1 | 0 | 0 | 10 | 121 | 121.00 | 0 | 0 |
| Arts - Other Arts | 0 | 1 | 0 | 0 | 10 | 76 | 76.00 | 0 | 1 |
| Science - Biology | 0 | 1 | 0 | 0 | 10 | 118 | 118.00 | 0 | 0 |
| Science - Chemistry | 0 | 1 | 0 | 1 | 10 | 121 | 121.00 | 0 | 0 |
| Science - Chemistry | 0 | 1 | 1 | 0 | 5 | 106 | 106.00 | 0 | 0 |
| Arts - Other Arts | 0 | 1 | 1 | 1 | 5 | 141 | 141.00 | 0 | 0 |
| Thought - Philosophy | 0 | 1 | 1 | 0 | 5 | 76 | 76.00 | 1 | 1 |
| Arts - Painting | 0 | 1 | 1 | 0 | 5 | 104 | 104.00 | 0 | 1 |
| Science - Other Science | 0 | 0 | 0 | 0 | 0 | 0.00 | 0 | 0 | |
| Science - Chemistry | 0 | 0 | 1 | 0 | -5 | 0.00 | 0 | 0 | |
| Science - Physics | 0 | 0 | 1 | 0 | -5 | 0.00 | 0 | 0 | |
| Arts - Other Arts | 0 | 0 | 1 | 0 | -5 | 0.00 | 0 | 0 | |
| Beliefs - Religion | 0 | 0 | 1 | 0 | -5 | 0.00 | 0 | 0 | |
| Other - Other Academic | 0 | 0 | 1 | 0 | -5 | 0.00 | 0 | 0 | |
| Science - Physics | 0 | 0 | 2 | 0 | -10 | 0.00 | 0 | 0 |